US National Preserves - Statistics

General Stats
  • This quiz has been taken 5 times
  • The average score is 4 of 11
Answer Stats
State Preserve % Correct
Florida Big Cypress
80%
California Mojave
60%
Alaska Bering Land Bridge
40%
Idaho Craters of the Moon
40%
Alaska Noatak
40%
Kansas Tallgrass Prairie
40%
Alaska Aniakchak
20%
Texas Big Thicket
20%
Alaska Yukon–Charley Rivers
20%
Alabama Little River Canyon
0%
Florida Timucuan
0%
No matching quizzes found
Score Distribution
Percent of People with Each Score
Percentile by Number Answered
Your Score History
You have not taken this quiz